000 00765nmc a2200289 a 4500
003 AR-BaBNM
005 20251128211055.0
008 162020s2001 ||||||||||||||000 | spa||
020 _a987-500-069-8
040 _cAR-BaBNM
100 1 _aSuriano, Juan
245 1 0 _aAnarquistas
_bcultura y polĂ­tica libertaria en Buenos Aires
260 _aBuenos Aires
_bManantial
_c2001
300 0 _a361 p.
490 0 _aCuadernos Argentinos
504 _aIncluye bibliografĂ­a en p. 345-361
650 4 _aHISTORIA ARGENTINA
650 4 _aHISTORIA
650 4 _aHISTORIA DE LA EDUCACION
650 4 _aHUELGA
650 4 _aANARQUISMO
650 4 _aPRENSA
650 4 _aSIMBOLOS NACIONALES ARGENTINOS
650 4 _aREFORMA
942 _cBK
998 _cmariana
999 _c18112
_d18112